Nová maturita - slovenský jazyk a literatúra

Bibliographic Details
Main Author: Somorová, Renáta (Author)
Format: Book
Language:Slovak
PhysicalDescription:176 s. 30 cm
Published: Bratislava Príroda 2005
ISBN:8007013121
Edition:1. vyd.
Subjects:

MARC

LEADER 00000nam a22000005a 4500
001 vtls001522559
003 SK-MaSNL
005 20260302073927.0
008 240314s2005 xo frf 000 0dslo
015 |a SNBA2006/09-04789 
020 |a 8007013121  |q (brož.) 
035 |a 5469C7FF-865D-4170-B532-9875AA338AFB 
035 |a urn:nbn:sk:snk-amk6pd 
035 |a urn:nbn:sk:snk-am008ad6 
040 |a SNK  |b slo  |c SNK  |e AACR2 
041 0 |a slo 
044 |a xo  |c SK 
072 7 |a 811.162.4  |x Slovenčina  |2 konspekt 
080 |a 371.27  |2 1997 
080 |a 373.5/.6  |2 1997 
080 |a (035)  |2 1997 
080 |a 811.162.4  |2 1997 
100 1 |a Somorová, Renáta  |4 aut  |9 17513 
245 1 0 |a Nová maturita - slovenský jazyk a literatúra  |c Renáta Somorová 
246 3 0 |a Slovenský jazyk a literatúra 
250 |a 1. vyd. 
260 |a Bratislava  |b Príroda  |c 2005 
300 |a 176 s.  |c 30 cm 
650 0 7 |a slovenčina  |2 SNKPH  |9 1350 
650 0 7 |a maturitné skúšky  |2 SNKPH  |9 66554 
650 0 7 |a stredné školy  |2 SNKPH  |9 1279 
655 7 |a príručky  |2 SNKPH  |9 74364 
919 |a 80-07-01312-1 
999 |c 1162910  |d 1164840 
952 |a SNK  |b SNK  |y PREZ  |7 0  |p 17A0465060  |o snkSB 70246  |i snk2005/5424  |8 0  |0 0  |1 0  |4 0  |d 2005-04-06  |l 0  |r 2025-04-25 00:00:00  |w 2026-02-24 
952 |a SNK  |b SNK  |y VYP  |7 0  |p 17A0467015  |o snkSB 70246 D1  |i snk2005/6423  |8 0  |0 0  |1 0  |4 0  |d 2005-04-18  |l 0  |r 2016-06-30 00:00:00  |w 2026-02-24 
952 |t snkNOV 808.54:82(079)  |a SNKUST  |b SNKUST  |y PREZ  |7 0  |p 17A0474779  |o snkSB 70246 D2  |i snk2006/9740  |8 3  |g 7.60  |0 0  |1 0  |4 0  |d 2006-05-16  |l 0  |r 2025-05-29 00:00:00  |w 2026-02-24